A begineer's guide Genetics (Record no. 17336)
[ view plain ]
| 000 -LEADER | |
|---|---|
| fixed length control field | 00621nam a22002417a 4500 |
| 003 - CONTROL NUMBER IDENTIFIER | |
| control field | OSt |
| 005 - DATE AND TIME OF LATEST TRANSACTION | |
| control field | 20170407134206.0 |
| 008 - FIXED-LENGTH DATA ELEMENTS--GENERAL INFORMATION | |
| fixed length control field | 120419t xxu||||| |||| 00| 0 eng d |
| 020 ## - INTERNATIONAL STANDARD BOOK NUMBER | |
| International Standard Book Number | 1-85168-304-6 |
| 040 ## - CATALOGING SOURCE | |
| Original cataloging agency | ASAB Library |
| Transcribing agency | ASAB Library |
| 050 ## - LIBRARY OF CONGRESS CALL NUMBER | |
| Classification number | 574.87 |
| 082 ## - DEWEY DECIMAL CLASSIFICATION NUMBER | |
| Edition number | 2nd |
| Classification number | 574.87 |
| 100 ## - MAIN ENTRY--PERSONAL NAME | |
| Personal name | B. Guttman |
| 9 (RLIN) | 69 |
| 245 ## - TITLE STATEMENT | |
| Title | A begineer's guide Genetics |
| 246 ## - VARYING FORM OF TITLE | |
| Title proper/short title | Genetics |
| 260 ## - PUBLICATION, DISTRIBUTION, ETC. | |
| Place of publication, distribution, etc. | India |
| Name of publisher, distributor, etc. | one world oxford |
| 300 ## - PHYSICAL DESCRIPTION | |
| Extent | 308 |
| 440 ## - SERIES STATEMENT/ADDED ENTRY--TITLE | |
| Title | A beginner's guide Genetics |
| 9 (RLIN) | 70 |
| 600 ## - SUBJECT ADDED ENTRY--PERSONAL NAME | |
| Personal name | Gunther S Stent |
| 9 (RLIN) | 71 |
| 650 ## - SUBJECT ADDED ENTRY--TOPICAL TERM | |
| Source of heading or term | Molecular Genetics |
| 9 (RLIN) | 72 |
| 700 ## - ADDED ENTRY--PERSONAL NAME | |
| Personal name | B. guttman a. griffiths |
| 9 (RLIN) | 73 |
| 942 ## - ADDED ENTRY ELEMENTS (KOHA) | |
| Source of classification or shelving scheme | |
| Koha item type | Book |
| Withdrawn status | Lost status | Source of classification or shelving scheme | Damaged status | Not for loan | Collection code | Permanent Location | Current Location | Date acquired | Total Checkouts | Total Renewals | Full call number | Barcode | Date last seen | Date last checked out | Price effective from | Koha item type |
|---|---|---|---|---|---|---|---|---|---|---|---|---|---|---|---|---|
| Central Library (CL) | Central Library (CL) | 09/15/2015 | 1 | 1 | 574.1 Gut | ASAB1649 | 09/30/2022 | 03/16/2022 | 09/15/2015 | Book |
